000 00748nam a2200205 a 4500
005 20250211063748.0
008 010711s1994 mx r 000 0 spa d
020 _a9683638163
035 _aUPN01000109496
049 _aCG
050 4 _aHM101
_bC9.4
245 0 0 _aCultura, sociedad civil y proyectos culturales en México /
_ccoord. Héctor Rosales Ayala.
260 _aMéxico :
_bCNCA, Dirección General de Culturas Populares :
_bUNAM, Centro Regional de Investigaciones Multidisciplinarias,
_c1994.
300 _a230 p.
650 4 _aCULTURA POPULAR -
_zMEXICO
_912304
650 4 _aCULTURA -
_xDIFUSION -
_zMEXICO
_912734
651 4 _aMéxico
_xPolítica cultural
_95407
700 1 _aRosales Ayala, Héctor Silvano,
_ecoord.
905 _aLibro
999 _c83407
_d83407